[Event "LSS RC-2021-0-00254"]
[Site "LSS email"]
[Date "2021.05.15"]
[Round "?"]
[White "Koehler, Hans Christian"]
[Black "Herzog, Agnes"]
[Result "0-1"]
[WhiteElo "1727"]
[BlackElo "1680"]
[PlyCount "94"]
[EventDate "2021.01.15"]
[EventType "tourn (corr)"]
[EventRounds "6"]
[EventCountry "GER"]
[SourceTitle "Corr 2024"]
[Source "ChessBase"]
[SourceDate "2023.10.19"]
[SourceVersion "1"]
[SourceVersionDate "2023.10.19"]
[SourceQuality "1"]

1. e4 e5 2. Nf3 Nc6 3. Bb5 a6 4. Bxc6 dxc6 5. 0-0 Qf6 6. d3 Ne7 7. Bg5 Qd6 8. Nbd2 f6 9. Be3 c5 10. Nc4 Qc6 11. Na5 Qa4 12. Nc4 Ng6 13. b3 Qc6 14. Ne1 Be6 15. f4 exf4 16. Bxf4 Nxf4 17. Rxf4 0-0-0 18. Rf1 g5 19. Qe2 Re8 20. Nf3 Bxc4 21. bxc4 Bd6 22. Rae1 Kb8 23. Qd2 Qa4 24. e5 Bxe5 25. Nxe5 fxe5 26. Qc3 Rhf8 27. Rxf8 Rxf8 28. Qxe5 Qxc2 29. Qxc5 Rc8 30. Qa3 Qd2 31. Rf1 Qe3+ 32. Kh1 Rd8 33. Rd1 g4 34. Qc3 Re8 35. Qc1 Qf2 36. Rf1 Qxa2 37. Re1 Re2 38. Rxe2 Qxe2 39. d4 a5 40. d5 a4 41. Kg1 a3 42. g3 Qb2 43. Qe1 a2 44. Qe8+ Ka7 45. Qa4+ Kb6 46. c5+ Kxc5 47. Qa5+ Kd6 0-1

[Event "SC-2021-0-00406"]
[Site "LSS email"]
[Date "2021.05.01"]
[Round "?"]
[White "Knoeppel, Bjoern"]
[Black "Herzog, Agnes"]
[Result "1-0"]
[WhiteElo "1759"]
[BlackElo "1680"]
[PlyCount "82"]
[EventDate "2021.03.27"]
[EventType "tourn (corr)"]
[EventRounds "6"]
[EventCountry "GER"]
[SourceTitle "Corr 2024"]
[Source "ChessBase"]
[SourceDate "2023.10.19"]
[SourceVersion "1"]
[SourceVersionDate "2023.10.19"]
[SourceQuality "1"]

1. e4 e5 2. Nf3 Nc6 3. d4 exd4 4. Nxd4 Nf6 5. Nxc6 bxc6 6. e5 Qe7 7. Qe2 Nd5 8. h4 f6 9. c4 Ba6 10. Rh3 Nb6 11. exf6 Qxe2+ 12. Bxe2 Bxc4 13. Re3+ Kd8 14. fxg7 Bxg7 15. Nc3 a5 16. Re4 Bxe2 17. Bg5+ Kc8 18. Rxe2 a4 19. Rc1 Rg8 20. g3 Kb7 21. Ne4 d6 22. Bf6 Nd5 23. Bxg7 Rxg7 24. Kf1 a3 25. b3 c5 26. Nc3 Nb4 27. Rd1 Kc6 28. Rdd2 Rg4 29. Re3 Rd4 30. Rde2 h5 31. f4 Rd3 32. Rxd3 Nxd3 33. Kg2 d5 34. Re6+ Kd7 35. Re2 d4 36. Ne4 Kc6 37. Kf3 Rf8 38. Ng5 Nb4 39. Ne6 Rf6 40. Ng5 Kb5 41. Ne4 Rf7 1-0

[Event "LSS RC-2021-0-00253"]
[Site "LSS email"]
[Date "2021.04.13"]
[Round "?"]
[White "Herzog, Agnes"]
[Black "Henke, Simon"]
[Result "1-0"]
[WhiteElo "1671"]
[BlackElo "1710"]
[PlyCount "69"]
[EventDate "2020.11.30"]
[EventType "tourn (corr)"]
[EventRounds "6"]
[EventCountry "GER"]
[SourceTitle "Corr 2024"]
[Source "ChessBase"]
[SourceDate "2023.10.19"]
[SourceVersion "1"]
[SourceVersionDate "2023.10.19"]
[SourceQuality "1"]

1. e4 c5 2. c3 Nf6 3. e5 Nd5 4. d4 cxd4 5. Nf3 e6 6. cxd4 b6 7. Bc4 Ba6 8. Bxd5 exd5 9. Nc3 Bb4 10. Qa4 Bxc3+ 11. bxc3 0-0 12. Ba3 Qc7 13. Qc2 Re8 14. 0-0-0 Rc8 15. Kb2 Qc4 16. Rd2 Nc6 17. h4 h6 18. Bd6 b5 19. h5 Qa4 20. Ka1 Na5 21. Nh4 Nc4 22. Bb4 Nxd2 23. Qxd2 Bb7 24. Nf5 a5 25. Be7 b4 26. Rh4 Qb5 27. c4 Qxc4 28. Rg4 Qc1+ 29. Qxc1 Rxc1+ 30. Kb2 Rf1 31. Rxg7+ Kh8 32. Bh4 Rf8 33. Kb3 Rb1+ 34. Kc2 Rf1 35. g4 1-0

[Event "LSS RC-2021-0-00253"]
[Site "LSS email"]
[Date "2021.04.11"]
[Round "?"]
[White "Herzog, Agnes"]
[Black "Carlsen, Jan"]
[Result "0-1"]
[WhiteElo "1671"]
[BlackElo "1725"]
[PlyCount "109"]
[EventDate "2020.11.30"]
[EventType "tourn (corr)"]
[EventRounds "6"]
[EventCountry "GER"]
[SourceTitle "Corr 2024"]
[Source "ChessBase"]
[SourceDate "2023.10.19"]
[SourceVersion "1"]
[SourceVersionDate "2023.10.19"]
[SourceQuality "1"]

1. e4 c5 2. c3 e6 3. d4 d5 4. exd5 exd5 5. Be3 cxd4 6. Bxd4 Nc6 7. Nf3 Nxd4 8. Nxd4 Bd6 9. Bb5+ Kf8 10. 0-0 Nf6 11. Nd2 a6 12. Ba4 b5 13. Bb3 g6 14. Re1 Kg7 15. N2f3 Qb6 16. h3 Bb7 17. a4 Ne4 18. axb5 axb5 19. Rxa8 Rxa8 20. Bc2 Re8 21. Nd2 Bc5 22. Bxe4 dxe4 23. N2b3 Be7 24. Qg4 b4 25. Nf5+ Kf8 26. Nxe7 bxc3 27. Qd1 cxb2 28. Qc2 Qb4 29. Rd1 Qxe7 30. Qxb2 Kg8 31. Na5 Ba6 32. Nc6 Qc5 33. Nb4 Qb6 34. Qa2 Qxb4 35. Qxa6 Qb3 36. Qd6 e3 37. fxe3 Qxe3+ 38. Kh2 Qf2 39. Rd2 Qe1 40. Rd4 h5 41. Qf6 Qe5+ 42. Qxe5 Rxe5 43. h4 Kg7 44. Kg3 Ra5 45. Rb4 Ra3+ 46. Kf4 Ra2 47. g3 Rf2+ 48. Ke3 Rf5 49. Rb6 Rf6 50. Rb2 Rf5 51. Ra2 Rb5 52. Ra6 Rb4 53. Kf3 Rb7 54. Ra5 Rb6 55. Kg2 0-1

[Event "LSS No Engine Cup 216 Preliminary 0"]
[Site "LSS email"]
[Date "2021.04.11"]
[Round "?"]
[White "Herzog, Agnes"]
[Black "Recio, Luis"]
[Result "1-0"]
[WhiteElo "2199"]
[BlackElo "1464"]
[PlyCount "33"]
[EventDate "2021.04.11"]
[EventType "tourn (corr)"]
[EventRounds "6"]
[EventCountry "GER"]
[SourceTitle "Corr 2024"]
[Source "ChessBase"]
[SourceDate "2023.10.19"]
[SourceVersion "1"]
[SourceVersionDate "2023.10.19"]
[SourceQuality "1"]

1. e4 c5 2. c3 Nc6 3. d4 d6 4. d5 Ne5 5. f4 Ng6 6. Bd3 Nf6 7. Nf3 e6 8. dxe6 fxe6 9. e5 Nd5 10. Na3 Be7 11. Bb5+ Bd7 12. exd6 Bf6 13. f5 Ne5 14. Nxe5 Bxb5 15. Nxb5 Bxe5 16. Qh5+ Kf8 17. fxe6 1-0

[Event "LSS RC-2021-0-00253"]
[Site "LSS email"]
[Date "2021.04.11"]
[Round "?"]
[White "Martin, Simone"]
[Black "Herzog, Agnes"]
[Result "1-0"]
[WhiteElo "1614"]
[BlackElo "1671"]
[PlyCount "71"]
[EventDate "2020.11.30"]
[EventType "tourn (corr)"]
[EventRounds "6"]
[EventCountry "GER"]
[SourceTitle "Corr 2024"]
[Source "ChessBase"]
[SourceDate "2023.10.19"]
[SourceVersion "1"]
[SourceVersionDate "2023.10.19"]
[SourceQuality "1"]

1. e4 c5 2. c3 d5 3. exd5 Qxd5 4. d4 cxd4 5. Be3 Nc6 6. cxd4 e6 7. Nc3 Qd6 8. Nf3 Nf6 9. a3 Be7 10. Bd3 Bd7 11. 0-0 0-0 12. Qe2 h6 13. Rad1 Rfe8 14. Rfe1 Rad8 15. Qc2 Bf8 16. Ne5 Nxe5 17. dxe5 Qxe5 18. Bb6 Qxe1+ 19. Rxe1 axb6 20. Bb5 Bxb5 21. Nxb5 Rc8 22. Qb3 Bc5 23. Qf3 Nd5 24. h4 Red8 25. Rd1 Bd6 26. Qe2 Rd7 27. g3 Bf8 28. Qf3 Be7 29. Nc3 Bf6 30. Nxd5 Rxd5 31. Rxd5 exd5 32. b4 Rd8 33. Kf1 d4 34. Ke2 Re8+ 35. Kd1 d3 36. h5 1-0

[Event "SC-2021-0-00403"]
[Site "LSS email"]
[Date "2021.03.24"]
[Round "?"]
[White "Herzog, Agnes"]
[Black "Rindfleisch, Jochen"]
[Result "1/2-1/2"]
[WhiteElo "1669"]
[BlackElo "1680"]
[PlyCount "41"]
[EventDate "2020.12.26"]
[EventType "tourn (corr)"]
[EventRounds "6"]
[EventCountry "GER"]
[SourceTitle "Corr 2024"]
[Source "ChessBase"]
[SourceDate "2023.10.19"]
[SourceVersion "1"]
[SourceVersionDate "2023.10.19"]
[SourceQuality "1"]

1. e4 c5 2. c3 Nf6 3. e5 Nd5 4. d4 cxd4 5. Nf3 d6 6. cxd4 Nc6 7. Bc4 Nb6 8. Bb3 dxe5 9. d5 Na5 10. Nc3 Bg4 11. Be3 Nxb3 12. Qxb3 Bxf3 13. gxf3 g6 14. a4 Rc8 15. Ke2 Qd7 16. Rhc1 Bg7 17. Qb5 0-0 18. Qxd7 Nxd7 19. Bxa7 f5 20. Nb5 e4 21. fxe4 1/2-1/2

[Event "LSS RC-2021-0-00252"]
[Site "LSS email"]
[Date "2021.03.13"]
[Round "?"]
[White "Herzog, Agnes"]
[Black "Langheld, Werner"]
[Result "0-1"]
[WhiteElo "1698"]
[BlackElo "1601"]
[PlyCount "28"]
[EventDate "2020.10.20"]
[EventType "tourn (corr)"]
[EventRounds "6"]
[EventCountry "GER"]
[SourceTitle "Corr 2024"]
[Source "ChessBase"]
[SourceDate "2023.10.19"]
[SourceVersion "1"]
[SourceVersionDate "2023.10.19"]
[SourceQuality "1"]

1. e4 d5 2. exd5 Qxd5 3. Nc3 Qa5 4. d4 Nf6 5. Nf3 c6 6. Ne5 Bf5 7. Bc4 e6 8. g4 Bg6 9. Bd2 Nbd7 10. Nxd7 Nxd7 11. h4 h5 12. Qe2 0-0-0 13. f3 Bxc2 14. Nd5 Qa4 0-1

[Event "LSS No Engine Cup 215 Preliminary 0"]
[Site "LSS email"]
[Date "2021.03.13"]
[Round "?"]
[White "Herzog, Agnes"]
[Black "Louro, Eugenio"]
[Result "0-1"]
[WhiteElo "2202"]
[BlackElo "2038"]
[PlyCount "53"]
[EventDate "2021.03.13"]
[EventType "tourn (corr)"]
[EventRounds "6"]
[EventCountry "GER"]
[SourceTitle "Corr 2024"]
[Source "ChessBase"]
[SourceDate "2023.10.19"]
[SourceVersion "1"]
[SourceVersionDate "2023.10.19"]
[SourceQuality "1"]

1. e4 c6 2. d4 d5 3. Nc3 dxe4 4. Nxe4 Nd7 5. Nf3 Ngf6 6. Nxf6+ Nxf6 7. Ne5 Bf5 8. c3 Nd5 9. Qf3 Qc8 10. Bd3 g6 11. 0-0 f6 12. Nc4 Bxd3 13. Qxd3 Bg7 14. Re1 Qd7 15. a4 0-0 16. h3 Rad8 17. Bd2 Rfe8 18. Qf3 b6 19. Ne3 e5 20. dxe5 fxe5 21. Nf1 Rf8 22. Qe2 Qf7 23. Bg5 Bf6 24. Bh6 Nf4 25. Qc2 Rfe8 26. a5 b5 27. Rad1 0-1

[Event "LSS No Engine Cup 215 Preliminary 0"]
[Site "LSS email"]
[Date "2021.03.13"]
[Round "?"]
[White "Neumann, Otto"]
[Black "Herzog, Agnes"]
[Result "0-1"]
[WhiteElo "1173"]
[BlackElo "2202"]
[PlyCount "50"]
[EventDate "2021.03.13"]
[EventType "tourn (corr)"]
[EventRounds "6"]
[EventCountry "GER"]
[SourceTitle "Corr 2024"]
[Source "ChessBase"]
[SourceDate "2023.10.19"]
[SourceVersion "1"]
[SourceVersionDate "2023.10.19"]
[SourceQuality "1"]

1. d4 Nf6 2. c4 g6 3. Nc3 Bg7 4. e4 0-0 5. Bd3 c5 6. d5 d6 7. Nge2 e6 8. Bg5 h6 9. Bh4 exd5 10. cxd5 a6 11. 0-0 b5 12. a3 g5 13. Bg3 Nh5 14. Qc1 Qe7 15. h3 Nd7 16. Bh2 Ne5 17. Bc2 g4 18. Nf4 Nxf4 19. Bxf4 gxh3 20. g3 Nf3+ 21. Kh1 h5 22. Qe3 Bg4 23. Rab1 Bd4 24. Qe2 h4 25. Nd1 Nh2 0-1

[Event "LSS RC-2021-0-00252"]
[Site "LSS email"]
[Date "2021.03.12"]
[Round "?"]
[White "Carlsen, Jan"]
[Black "Herzog, Agnes"]
[Result "0-1"]
[WhiteElo "1775"]
[BlackElo "1698"]
[PlyCount "64"]
[EventDate "2020.10.20"]
[EventType "tourn (corr)"]
[EventRounds "6"]
[EventCountry "GER"]
[SourceTitle "Corr 2024"]
[Source "ChessBase"]
[SourceDate "2023.10.19"]
[SourceVersion "1"]
[SourceVersionDate "2023.10.19"]
[SourceQuality "1"]

1. d4 Nf6 2. c4 g6 3. Nc3 Bg7 4. e4 0-0 5. f4 d6 6. Nf3 c5 7. d5 e6 8. Be2 exd5 9. cxd5 Bg4 10. 0-0 Nbd7 11. h3 Bxf3 12. Bxf3 Re8 13. g4 h6 14. h4 h5 15. gxh5 Nxh5 16. Bxh5 Qxh4 17. Qg4 Qxh5 18. Qxh5 gxh5 19. Nb5 Rxe4 20. Nxd6 Re2 21. Nf5 Bd4+ 22. Nxd4 cxd4 23. Rf2 Re1+ 24. Rf1 Rxf1+ 25. Kxf1 Nf6 26. Bd2 Rd8 27. Ke2 Rxd5 28. Kd3 Kg7 29. Rg1+ Ng4 30. Ke4 Rd8 31. Kf5 Re8 32. Bb4 f6 0-1

[Event "LSS No Engine Cup 214 Preliminary 0"]
[Site "LSS email"]
[Date "2021.02.17"]
[Round "?"]
[White "Herzog, Agnes"]
[Black "Rosenthal, Alexander"]
[Result "1-0"]
[WhiteElo "2195"]
[BlackElo "1863"]
[PlyCount "21"]
[EventDate "2021.02.17"]
[EventType "tourn (corr)"]
[EventRounds "6"]
[EventCountry "GER"]
[SourceTitle "Corr 2024"]
[Source "ChessBase"]
[SourceDate "2023.10.19"]
[SourceVersion "1"]
[SourceVersionDate "2023.10.19"]
[SourceQuality "1"]

1. e4 c6 2. d4 d5 3. Nc3 dxe4 4. Nxe4 Bf5 5. Ng3 Bg6 6. h4 h6 7. h5 Bh7 8. Nf3 Nf6 9. Bf4 Nd5 10. Bd2 e6 11. Be2 1-0

[Event "LSS No Engine Cup 212 Preliminary 0"]
[Site "LSS email"]
[Date "2021.01.05"]
[Round "?"]
[White "Louro, Eugenio Diogo"]
[Black "Herzog, Agnes"]
[Result "1/2-1/2"]
[WhiteElo "2009"]
[BlackElo "2192"]
[PlyCount "46"]
[EventDate "2021.01.05"]
[EventType "tourn (corr)"]
[EventRounds "6"]
[EventCountry "GER"]
[SourceTitle "Corr 2022"]
[Source "ChessBase"]
[SourceDate "2021.10.24"]
[SourceVersion "1"]
[SourceVersionDate "2021.10.24"]
[SourceQuality "1"]

1. e4 e5 2. Nf3 Nc6 3. d4 exd4 4. Nxd4 Nf6 5. Nxc6 bxc6 6. Bd3 d5 7. exd5 cxd5 8. 0-0 Be7 9. Nc3 Rb8 10. b3 0-0 11. Bf4 a6 12. Qf3 Bb4 13. Ne2 Bg4 14. Qg3 Bxe2 15. Bxe2 Ne4 16. Qf3 Rb6 17. c4 Rf6 18. Qg4 Bc5 19. Bf3 Re8 20. cxd5 Rg6 21. Qf5 Nxf2 22. Rxf2 Rf6 23. Qg4 Rg6 1/2-1/2

[Event "LSS No Engine Cup 212 Preliminary 0"]
[Site "LSS email"]
[Date "2021.01.05"]
[Round "?"]
[White "Recio Chicharro, Luis"]
[Black "Herzog, Agnes"]
[Result "0-1"]
[WhiteElo "1462"]
[BlackElo "2192"]
[PlyCount "44"]
[EventDate "2021.01.05"]
[EventType "tourn (corr)"]
[EventRounds "6"]
[EventCountry "GER"]
[SourceTitle "Corr 2022"]
[Source "ChessBase"]
[SourceDate "2021.10.24"]
[SourceVersion "1"]
[SourceVersionDate "2021.10.24"]
[SourceQuality "1"]

1. Nc3 e5 2. e4 Bc5 3. Nf3 d6 4. d3 Nf6 5. Be2 0-0 6. 0-0 h6 7. Be3 Bxe3 8. fxe3 c6 9. Nh4 d5 10. Nf5 Bxf5 11. exf5 d4 12. exd4 exd4 13. Ne4 Nbd7 14. Qe1 Qb6 15. Nxf6+ Nxf6 16. Rb1 Rae8 17. Qd2 Re3 18. Rf3 Re5 19. Bf1 Rfe8 20. h3 Nd5 21. Kh2 c5 22. a3 Nc3 0-1